01397nam a2200277 a 450000100100000000500170001000800410002702000150006804000250008308200200010810000420012824500380017026000470020830000190025550000700027459000260034465000290037065000310039991000420043095201310047295201310060395201310073495201170086595201220098299900150110400000504320240412074203.0090706s2005 dr 000 f spa d z999347505X aDO-SdBNPbspacBNPHU aRD863.44bG216r1 aGarcía Romero, Rafael,d1957-9167110aRuinas /cRafael García Romero. aSanto Domingo :bEdiciones CEDIBIL,c2005. a57p. ;c22 cm. aIncluye datos biográficos del autor en la solapa de la cubierta aInventariado, 2020/BT 0aCuentos dominicanos9176 0aLiteratura dominicana.967 aValidado. Control de calidad. MMOLINA 001154708DSaGRbGRcMId2014-02-06iLF1l0oRD863.44 G216rp5043-50r2020-06-25te.5w2020-06-25yLFDSZPréstamo en sala 001154708DSaGRbGRcMId2009-07-29iLF1l0oRD863.44 G216rp5043-30r2020-06-25te.3w2020-06-25yLFDSZPréstamo en sala 001154708DSaGRbGRcMId2011-02-24iLF1l0oRD863.44 G216rp5043-40r2020-06-25te.4w2020-06-25yLFDSZPréstamo en sala 0010718PDaPDbPDcHDd2009-07-29iLF1l0oRD863.44 G216rp5043-10r2020-06-25w2020-06-25yLFPDZNo se presta 0010718PDaPDbPDcHDd2009-07-29iLF1l0oRD863.44 G216rp5043-20r2020-06-25te.2w2020-06-25yLFPDZNo se presta c4848d4848